Aportación al estudio de la cultura española en las Indias (Record no. 4398)

MARC details
000 -CABECERA
campo de control de longitud fija 00806nam a2200241 a 4500
001 - NÚMERO DE CONTROL
campo de control BRCA_4698
005 - FECHA Y HORA DE LA ÚLTIMA TRANSACCIÓN
campo de control 20190320204753.0
008 - DATOS DE LONGITUD FIJA--INFORMACIÓN GENERAL
campo de control de longitud fija 011010s1930----sp-a######---#000-0#spa-#
041 ## - CÓDIGO DE LENGUA
Código de lengua del texto/banda sonora o título independiente spa
044 ## - CÓDIGO DEL PAÍS DE LA ENTIDAD EDITORA/PRODUCTORA
Código MARC del país sp
050 #4 - SIGNATURA TOPOGRÁFICA DE LA BIBLIOTECA DEL CONGRESO
Número de clasificación N6502
Número de documento/Ítem .A66 2 1930
245 10 - MENCIÓN DE TÍTULO
Título Aportación al estudio de la cultura española en las Indias
Resto del título exposición : catálogo general ilustrado
Mención de responsabilidad, etc. Sociedad Española de Amigos del Arte.
260 ## - PUBLICACIÓN, DISTRIBUCIÓN, ETC.
Lugar de publicación, distribución, etc. Madrid
Nombre del editor, distribuidor, etc. Espasa Calpe
Fecha de publicación, distribución, etc. 1930
300 ## - DESCRIPCIÓN FÍSICA
Extensión 103 p.
Otras características físicas il., 63 láminas, mapas
Dimensiones 33 cm.
500 ## - NOTA GENERAL
Nota general Catálogo de la exposición realizada en Madrid, mayo-junio, 1930
500 ## - NOTA GENERAL
Nota general Ejemplar igual a B227
500 ## - NOTA GENERAL
Nota general CFG16
650 14 - PUNTO DE ACCESO ADICIONAL DE MATERIA--TÉRMINO DE MATERIA
Término de materia o nombre geográfico como elemento de entrada Arte Latinoamericano
9 (RLIN) 9242
651 #4 - PUNTO DE ACCESO ADICIONAL DE MATERIA--NOMBRE GEOGRÁFICO
Nombre geográfico América Latina
9 (RLIN) 9147
651 #4 - PUNTO DE ACCESO ADICIONAL DE MATERIA--NOMBRE GEOGRÁFICO
Nombre geográfico España
Subdivisión general Colonias
Subdivisión geográfica América
9 (RLIN) 2838
902 ## - CATALOGADOR
Iniciales GFM
942 ## - ELEMENTOS DE PUNTO DE ACCESO ADICIONAL (KOHA)
Fuente del sistema de clasificación o colocación Library of Congress Classification
Tipo de ítem Koha Libros
Holdings
Estado de retiro Estado de pérdida Estado dañado No para préstamo Localización permanente Ubicación/localización actual Fecha de adquisición Número de inventario Total de préstamos Signatura topográfica completa Código de barras Fecha visto por última vez Precio válido a partir de Tipo de ítem Koha
El ejemplar forma parte de la colección y puede ser consultado según las políticas vigentes.       Biblioteca del Museo Franz Mayer (Rogerio Casas-Alatriste) Biblioteca del Museo Franz Mayer (Rogerio Casas-Alatriste) 01/10/2010 CFG16   N6502 .A66 2 1930 (CFG16) 4716 22/03/2019 22/03/2019 Libros